مكتبة جامعة عجلون الوطنية

فهرس بحث المكتبة

Wordcrime : (Record no. 33652)

MARC details
000 -LEADER
fixed length control field 01076cam a22003377a 4500
001 - CONTROL NUMBER
control field 17279687
003 - CONTROL NUMBER IDENTIFIER
control field JO-AjAnu
005 - DATE AND TIME OF LATEST TRANSACTION
control field 20240908131026.0
008 - FIXED-LENGTH DATA ELEMENTS--GENERAL INFORMATION
fixed length control field 120430s2012 enk b 001 0 eng d
010 ## - LIBRARY OF CONGRESS CONTROL NUMBER
LC control number 2011410973
015 ## - NATIONAL BIBLIOGRAPHY NUMBER
National bibliography number GBB1D1870
Source bnb
016 7# - NATIONAL BIBLIOGRAPHIC AGENCY CONTROL NUMBER
Record control number 015969809
Source Uk
020 ## - INTERNATIONAL STANDARD BOOK NUMBER
International Standard Book Number 9781441193520 (pbk.)
020 ## - INTERNATIONAL STANDARD BOOK NUMBER
International Standard Book Number 1441193529 (pbk.)
035 ## - SYSTEM CONTROL NUMBER
System control number (OCoLC)ocn761380960
040 ## - CATALOGING SOURCE
Original cataloging agency UKMGB
Language of cataloging eng
Transcribing agency UKMGB
Modifying agency OCLCO
-- YDXCP
-- G7G
-- OCLCF
-- DLC
-- JO-AjAnu
041 ## - LANGUAGE CODE
Language code of text/sound track or separate title eng
Language code of original eng
042 ## - AUTHENTICATION CODE
Authentication code lccopycat
050 00 - LIBRARY OF CONGRESS CALL NUMBER
Classification number HV8073.5
Item number .O455 2015
082 04 - DEWEY DECIMAL CLASSIFICATION NUMBER
Classification number 363.25
Edition number 23
100 1# - MAIN ENTRY--PERSONAL NAME
Personal name Olsson, John,
Dates associated with a name 1951-
245 10 - TITLE STATEMENT
Title Wordcrime :
Remainder of title solving crime through forensic linguistics /
Statement of responsibility, etc. John Olsson.
250 ## - EDITION STATEMENT
Edition statement Pbk. ed.
260 ## - PUBLICATION, DISTRIBUTION, ETC.
Place of publication, distribution, etc. London :
Name of publisher, distributor, etc. Continuum,
Date of publication, distribution, etc. 2012.
300 ## - PHYSICAL DESCRIPTION
Extent vi, 189 p. ;
Dimensions 22 cm.
504 ## - BIBLIOGRAPHY, ETC. NOTE
Bibliography, etc. note Includes bibliographical references and index.
650 #0 - SUBJECT ADDED ENTRY--TOPICAL TERM
Topical term or geographic name entry element Forensic linguistics
Form subdivision Case studies.
906 ## - LOCAL DATA ELEMENT F, LDF (RLIN)
a 7
b cbc
c copycat
d 2
e ncip
f 20
g y-gencatlg
942 ## - ADDED ENTRY ELEMENTS (KOHA)
Source of classification or shelving scheme Library of Congress Classification
Koha item type Books
Suppress in OPAC No
Holdings
Withdrawn status Lost status Source of classification or shelving scheme Damaged status Not for loan Home library Current library Date acquired Total Checkouts Full call number Barcode Date last seen Price effective from Koha item type
    Library of Congress Classification     مكتبة جامعة عجلون الوطنية مكتبة جامعة عجلون الوطنية 08/09/2024   HV8073.5.O455 2015 e3883 08/09/2024 08/09/2024 Books